| 000 | 01038nam0a2200301 4500 | ||
|---|---|---|---|
| 001 | RU\NLR\bibl\854588 | ||
| 005 | 20250614153038.0 | ||
| 010 |
_a5-89648-002-4 _9500 |
||
| 021 |
_aRU _b2005-27596 _91388 |
||
| 035 | _a(NLR Aleph) 000843316 | ||
| 090 |
_a1434192 _c1434192 |
||
| 100 | _a20051017d2005 |||y0rusy50 ca | ||
| 101 | 0 | _arus | |
| 102 | _aRU | ||
| 105 | _aa ||||||||| | ||
| 200 | 1 |
_aОдна, но пламенная страсть! _eВоспоминания о Я.И. Языкове _f[ред. С. Рябов] |
|
| 210 |
_aЕкатеринбург _cЛИТУР _d2005 |
||
| 215 |
_a159, [1] с., [4] л. цв. ил. _cил. _d20 |
||
| 600 | 1 |
_aИзаков _bЯ.И. _f1906 - 2001 _gЯков Исаакович _jВоспоминания, записки и т.п. _92398940 _3RU\NLR\auth\661430117 |
|
| 686 | _aФ61(2)8,013 | ||
| 686 | _aТ3(2)7-8,013 | ||
| 702 | 1 |
_aРябов _bС. _4340 |
|
| 801 | 0 |
_aRU _bNLR _c20051017 _grcr |
|
| 801 | 1 |
_aRU _bNLR _c20051017 |
|
| 942 | _cBOOK | ||
| 980 | _aNB | ||